|
|
|
|
| LEADER |
01037nab#a2200337#ar4500 |
| 001 |
000001513 |
| 003 |
SVKKK |
| 005 |
00000000000000.0 |
| 008 |
c xo e engo |
| FMT |
|
|
|
| 038 |
|
|
|a SVKKK
|
| 040 |
|
|
|a SVKKK
|b slo
|e AACR2
|
| 041 |
0 |
|
|a eng
|
| 044 |
|
|
|a xo
|c SK
|
| 080 |
|
|
|a 551.763.
|2 1981
|
| 080 |
|
|
|a 564.8(4)"6153
|2 1981
|
| 100 |
1 |
|
|a Gaspard, Daniele
|4 aut
|
| 242 |
1 |
0 |
|a Špecifické označenie(ia) asymetrických rhynchonellidov vrchnej kriedy, predtým považovaných za "Rhynchonella difformis"
|
| 245 |
1 |
0 |
|a Specific designation(s) of asymmetrical Upper Cretaceous rhynchonellids, formerly considered as "Rhynchonella difformis"
|c Gaspard Daniele,
|
| 300 |
|
|
|b Lit. 6 zázn.
|
| 650 |
0 |
4 |
|a brachiopoda
|
| 650 |
0 |
4 |
|a krieda vrchná
|x referáty
|
| 650 |
0 |
4 |
|a taxonómia
|z Európa západná
|
| 773 |
0 |
|
|t Mineralia Slovaca
|x 0369-2086
|g Roč. 29, č. 4-5(1997), s. 340
|
| 958 |
|
|
|a MS
|
| 958 |
|
|
|a NB
|
| 974 |
|
|
|d 971114
|a 244
|
| 992 |
|
|
|a RBX
|
| BAS |
|
|
|
| 852 |
|
|
|a SVKKK
|b BIB
|
| 998 |
|
|
|a GEO
|